=LDR 00000nam 2200000 4500 =001 000721 =005 20250711033739 =035 ##$$a 0010-0725000589 =007 ta =008 250711################a##########0#ind## =020 ##$$a 978-623-307-916-7 =082 ##$$a 398.209 598 =084 ##$$a 398.209 598 MAN c =100 #$$a Manandhar shantdas =245 1#$$a Chunu dan munu: jagungnya lezat! /$c Shantdas manandhar =250 ##$$a Cetakan pertama =260 ##$$a Rawamangun :$b Badan pengembangan dan pusat bahasa,$c 2022 =300 ##$$a 24 hlm. : $b Ilus. ; $c 22,9 cm. =650 #4$$a Cerita anak indonesia-terjemahan =650 #4$$a Literasi-bahan bacaan =700 #$$a Pradhan shlipi =990 ##$$a TBM04950495